BT Toán cao cấp T2 : Phép tính giải tích

Salvato in:
Dettagli Bibliografici
Autore principale: Nguyễn Đình Trí
Natura: Libro
Lingua:Vietnamese
Pubblicazione: Giáo dục VN 2012
Tags: Aggiungi Tag
Nessun Tag, puoi essere il primo ad aggiungerne! !
Thư viện lưu trữ: Mạng thư viện Đại học Đà Nẵng
LEADER 00643nam a2200277 4500
001 000026366
003 345
005 20150204120000.0
008 150204s vm 000 vie
020 |c 26000,0000 
040 |a D6 
100 |a Nguyễn Đình Trí 
245 |a BT Toán cao cấp T2 : Phép tính giải tích 
260 |b Giáo dục VN  |c 2012 
300 |a 271tr. ; 
OWN |a LTT 
999 |a From the UDN01 
TYP |a Monograph 
TYP |a Printed language 
980 |a Mạng thư viện Đại học Đà Nẵng